000 00321nam a22001457a 4500
008 230913b ||||| |||| 00| 0 eng d
020 _a9780385467988
041 _aeng
080 _a101
082 _a101TIP
100 _a44
101 _aFILOZ
245 _aTHE PHYSICS OF IMMORTALITY
_cTIPLER.J.F
942 _2udc
_cBK
999 _c60368
_d60368